| 000 | 02302cam a22005174i 4500 | ||
|---|---|---|---|
| 003 | PE-LiUPU | ||
| 005 | 20250731165614.0 | ||
| 008 | 150706s2012 sp a r 000 0 d | ||
| 020 | _a9788497567442 | ||
| 035 | _a(Sirsi) i9788497567442 | ||
| 040 |
_aPE-LiUPU _bspa _cPE-LiUPU _erda |
||
| 049 | _aPRUA | ||
| 082 | 0 | 4 |
_a060 _bR72 _221 |
| 100 | 1 |
_aRoca Prats, José Luis, _eautor. |
|
| 245 | 1 | 0 |
_aComercialización de eventos / _cJosé Luis Roca Prats. |
| 264 | 1 |
_aMadrid : _bSíntesis, _c2012. |
|
| 300 |
_a339 páginas : _bilustraciones ; _c24 cm. |
||
| 336 |
_atext _2rdacontent |
||
| 337 |
_aunmediated _2rdamedia |
||
| 338 |
_avolume _2rdacarrier |
||
| 490 | 0 | _aHostelería y turismo | |
| 504 | _aIncluye biliografía. | ||
| 505 | 0 | _aOferta y demanda de eventos.-Oferta de eventos -- Demanda de eventos -- Herramientas de gestión para la comercialización de eventos -- Plan de marketing -- Técnicas de comercialización. Departamento de comercialización de eventos -- Organización del departamento de comercialización de eventos -- Comercialización de eventos para el segmento de empresas -- Comercialización de eventos para otros mercados -- Publicidad para eventos -- Proceso de la organización de eventos -- Negociación de contratos -- Preparación del evento -- Asignación de habitaciones y de salones -- Servicios con comidas y bebidas -- Control del cierre -- La facturación -- Revisiones posteriores al evento. | |
| 526 | _aSEG44 | ||
| 526 | _aSEG26 | ||
| 526 | _aP151 | ||
| 526 | _aP150 | ||
| 526 | _aP149 | ||
| 526 | _aP146 | ||
| 526 | _aP145 | ||
| 526 | _aP126 | ||
| 526 | _aP125 | ||
| 526 | _aP92 | ||
| 526 | _aP75 | ||
| 526 | _aP74 | ||
| 526 | _aP27 | ||
| 526 | _aP15 | ||
| 541 | _g001-0036576; | ||
| 650 | 0 | 4 |
_aCongresos y asambleas _xOrganización. |
| 910 |
_agl _bjv _cng _d20121212 |
||
| 942 |
_2ddc _cBOOK |
||
| 949 |
_a060 R72 _wDEWEY _c1 _i65933 _lCCODEBUL1 _mBUL _p33.00 _r0 _sY _tBOOK _u2015-7-6 _xFCE _zAGB _o.STAFF. Colección General |
||
| 994 |
_aC0 _bPEPRU |
||
| 596 | _a1 | ||
| 999 |
_a060 R72 _wDEWEY _c54306 _i65933 _f2021-11-4 _g6 _lCCODEBUL1 _mBUL _p33.00 _r0 _sY _tBOOK _u2015-7-6 _xBIBLIOTECA _zAGB _0COMPRA _o.STAFF. Colección General _d54306 |
||
| 980 |
_81 _gALBERTO SANCHEZ Responsable de Automatización |
||